000 00550nam a2200229Ia 4500
003 OSt
005 20221005124357.0
006 a|||||r|||| 00| 0
007 ta
008 221004b |||||||| |||| 00| 0 kan d
024 _a59555
037 _cTextual
040 _aCRL
_cCRL
_bkan
041 _2kan
_akan
082 _aO142,3MAN, 33H9
100 _aChekhov
245 0 _aMuddina Kani
260 _c1949
650 _aRUSSIAN LITERATURE
942 _hO142,3MAN, 33H9
_cTEXL
_2cc
999 _c1050282
_d1050282